|
|
|
แสดงรายละเอียดบรรณานุกรม |
|
|||
| ห้องสมุดโรงเรียนพะเยาพิทยาคม...ยินดีต้อนรับ...ทุกท่านเข้าสู่ระบบห้องสมุดอัตโนมัติ | ||||
|
Brief Record
: Get Marc (ISO 2709)
: E-mail record
: |
|
|
| LEADER 00000nam 2200000uu 4500 | |||
| 001 13399111104 | |||
| 003 ULIBM | |||
| 008 120615s2545||||th 000 0 tha d | |||
| 020 ^a9744820136 | |||
| 082 ^a336.2^bก746ภ | |||
| 100 ^aกลุ่มนักวิชาการภาษีอากร | |||
| 245 ^aภาษีอากรตามประมวลรัษฎากร 2545/^cโดย กลุ่มนักวิชาการภาษีอากร | |||
| 260 ^aพิมพ์ครั้งที่ 1^bกรุงเทพฯ:^cเรือนแก้วการพิมพ์,^d2545 | |||
| 300 ^a322 หน้า:^bภาพประกอบ;^c26 ซม. | |||
| 650 0 ^aภาษีอากร | |||
| 945 ^p135^l0^i28069 | |||
| 999 ^akanya | |||
| คุณยังไม่ได้ล็อกอิน คุณสามารถมีกิจกรรมร่วมกับเว็บไซต์ได้ แต่ต้องล็อกอินก่อน :: |
|
| สถานะ | |||||||||
| 1. | หนังสือ | 336.2 ก746ภ 2545 ฉ.1 Barcode: 28069 | ►หนังสือทั่วไป | On Shelf ขอยืม | |||||
| 2. | หนังสือ | 336.2 ก746ภ 2545 ฉ.2 Barcode: 28070 | ►หนังสือทั่วไป | On Shelf ขอยืม | |||||
| 3. | หนังสือ | 336.2 ก746ภ 2545 ฉ.3 Barcode: 28071 | ►หนังสือทั่วไป | On Shelf ขอยืม | |||||
| 4. | หนังสือ | 336.2 ก746ภ 2545 ฉ.4 Barcode: 28072 | ►หนังสือทั่วไป | On Shelf ขอยืม | |||||
| 5. | หนังสือ | 336.2 ก746ภ 2545 ฉ.5 Barcode: 28073 | ►หนังสือทั่วไป | On Shelf ขอยืม | |||||
| 6. | หนังสือ | 336.2 ก746ภ 2545 ฉ.6 Barcode: 28074 | ►หนังสือทั่วไป | On Shelf ขอยืม | |||||
| 7. | หนังสือ | 336.2 ก746ภ 2545 ฉ.7 Barcode: 28075 | ►หนังสือทั่วไป | On Shelf ขอยืม | |||||
| 8. | หนังสือ | 336.2 ก746ภ 2545 ฉ.8 Barcode: 28076 | ►หนังสือทั่วไป | On Shelf ขอยืม | |||||
| 9. | หนังสือ | 336.2 ก746ภ 2545 ฉ.9 Barcode: 28077 | ►หนังสือทั่วไป | On Shelf ขอยืม | |||||
| [แสดง 9/9 รายการ] | |||||||||
หนังสือดีน่าอ่าน

“ดั่งดวงแก้ว ส่องสว่าง ทางสายงาม”
จัดทำขึ้นเพื่อเฉลิมพระเกียรติ สมเด็จพระเทพรัตนราชสุดา ฯ สยามบรมราชกุมารี
เนื่องในโอกาสมหามงคลเฉลิมพระชนมพรรษา ๕ รอบ ๒ เมษายน ๒๕๕๘
โดยหนังสือเล่มนี้ได้รวบรวม ๖๐ พระอัจฉริยภาพของสมเด็จพระเทพ ฯ
ผู้อ่านจะได้รับแรงบันดาลใจให้พากเพียรเรียนรู้และขยันอดทนทำการงาน
ตามรอยเบื้องพระยุคลบาท เพราะพระองค์ทรงเป็นแบบอย่างอันดีเยี่ยมในทุกด้าน
ทั้งในความใฝ่รู้ใฝ่เรียน คุณธรรมจริยธรรม พระวิริยอุตสาหะในการทรงงาน
และอื่นๆอีกมากมาย ล้วนสามารถสร้างแรงบันดาลใจให้แก่เด็กและเยาวชน
อีกทั้งประชาชนทั่วไป ให้พากเพียรเรียนรู้และขยันอดทนทำการงานตามรอยพระยุคลบาท
เพื่อฝึกฝนตนเองให้เป็นคนดีคนเก่งของครอบครัวและสังคมต่อไป

แสดงความเห็นเกี่ยวกับหนังสือเล่มนี้ |
| คอมเมนท์ทรัพยากรรายการนี้ |
|
ห้องสมุดเฉลิมพระเกียรติกาญจนาภิเษก โรงเรียนพะเยาพิทยาคม อำเภอเมือง จังหวัดพะเยา 56000
![]()
![]()
E-mail :
Library Phayaopittayakom
05-4431-275 ต่อ 4621